| 000 | 00795nam a22002297a 4500 | ||
|---|---|---|---|
| 999 |
_c2799 _d2799 |
||
| 003 | AR-CdUCM | ||
| 008 | 190305b ||||| |||| 00| 0 spa d | ||
| 040 |
_aMUNICIPALIDAD PROVINCIAL DEL CUSCO _cBIBLIOTECA MUNICIPAL DEL CUSCO |
||
| 041 | _hger | ||
| 082 |
_23ed. _a373.1 / _bSC29 |
||
| 100 |
_aSchmieder, A. y J. _99743 |
||
| 245 | _aDidáctica general / | ||
| 260 |
_aBuenos Aires : _bLosada, _c1949. |
||
| 300 |
_a182 páginas ; _c20 cm. |
||
| 440 |
_aBiblioteca Pedagógica. _n6 _99744 |
||
| 505 | _aContenido: El finde la instrucción -- La materia de la instrucción -- El método de la instrucción. El procedimiento didáctico ... | ||
| 650 |
_aDidáctica de la educación _99745 |
||
| 650 |
_aMetodología _92264 |
||
| 650 |
_aEducación _9460 |
||
| 942 |
_2ddc _cLIBROS |
||
| 945 | _azta | ||